000
00306nam a2200109 4500
008
160702b xxu||||| |||| 00| 0 eng d
100
_9
1906
_a
Roy, S., et al
245
_a
Short Stories for Children
260
_a
N.D
_b
Children Book Trust
_c
1982
300
_a
Short Stories for Children
942
_2
ddc
_c
BK
999
_c
1608
_d
1608